Detalles MARC
| 000 -CABECERA |
| Campo de control |
01846nam a2200421 a 4500 |
| 005 - FECHA Y HORA DE LA ULTIMA TRANSACCION |
| Campo de control |
20200104041540.0 |
| 008 - ELEMENTOS DE LONGITUD FIJA—INFORMACION GENERAL |
| Campo de control |
140311s2003 ck ab fr|||| 000 0 spa d |
| 020 ## - ISBN |
| ISBN |
9589726429 |
| 040 ## - FUENTE DE CATALOGACIÓN |
| Agencia catalogadora original |
CO-BoIAVH |
| Agencia transcriptora |
CO-BoIAVH |
| 041 0# - IDIOMA |
| Código de idioma para texto/pista de sonido o título separado |
Español |
| -- |
Inglés |
| 044 ## - PAÍS DE PUBLICACIÓN |
| País de publicación |
Colombia |
| 082 04 - NUMERO DE CLASIFICACION DECIMAL DEWEY |
| Número de clasificación |
551.6 |
| Número del ítem |
I59p |
| 110 2# - ASIENTO PRINCIPAL--NOMBRE CORPORATIVO |
| Unidad subordinad |
Instituto de Investigaciones Marinas y Costeras José Benito Vives de Andréis |
| 9 (RLIN) |
61778 |
| 245 10 - MENCION DE TITULO |
| Título |
Programa holandés de asistencia para estudios en cambio climático : |
| Parte restante del título |
Colombia, definición de la vulnerabilidad de los sistemas bio-geofísicos y socioeconómicos debido a un cambio en el nivel del mar en la zona costera colombiana (Caribe continental, Caribe insular y Pacífico) y medidas para su adaptación |
| 260 ## - PUBLICACION, DISTRIBUCION, ETC. (PIE DE IMPRENTA) |
| Lugar de publicación, distribución, etc. |
Santa Marta : |
| Nombre del editor, distribuidor, etc. |
INVEMAR, |
| Fecha de publicación, distribución, etc. |
2003. |
| 300 ## - DESCRIPCION FISICA |
| Extensión |
8 Volúmenes : |
| Otros detalles físicos |
Ilustraciones (algunas a color), mapas (algunos a color) ; |
| Dimensiones |
28 x 21 cm. |
| 505 ## - NOTA DE CONTENIDO |
| Nota de contenido |
Vol. 1: Delimitación del área de estudio |
| 505 ## - NOTA DE CONTENIDO |
| Nota de contenido |
Vol. 2: Caracterización e inventario |
| 505 ## - NOTA DE CONTENIDO |
| Nota de contenido |
Vol. 3: Definición de escenarios |
| 505 ## - NOTA DE CONTENIDO |
| Nota de contenido |
Vol. 4: Evaluación de impactos, efectos y respuestas del sistema natural |
| 505 ## - NOTA DE CONTENIDO |
| Nota de contenido |
Vol. 5: Estrategias de respuesta |
| 505 ## - NOTA DE CONTENIDO |
| Nota de contenido |
Vol. 6: Definición de la vulnerabilidad |
| 505 ## - NOTA DE CONTENIDO |
| Nota de contenido |
Vol. 7: Plan de acción |
| 505 ## - NOTA DE CONTENIDO |
| Nota de contenido |
Vol. 8: Resumen ejecutivo |
| 650 16 - ASIENTO SECUNDARIO DE MATERIA - TERMINO TEMATICO |
| Término temático o nombre geográfico como elemento de entrada |
Nivel del mar |
| Subdivisión geográfica |
Caribe (Región, Colombia) |
| 9 (RLIN) |
61779 |
| 650 26 - ASIENTO SECUNDARIO DE MATERIA - TERMINO TEMATICO |
| Término temático o nombre geográfico como elemento de entrada |
Climatología. |
| 9 (RLIN) |
288 |
| 650 26 - ASIENTO SECUNDARIO DE MATERIA - TERMINO TEMATICO |
| Término temático o nombre geográfico como elemento de entrada |
Ecosistemas marinos |
| 9 (RLIN) |
61781 |
| 650 26 - ASIENTO SECUNDARIO DE MATERIA - TERMINO TEMATICO |
| Término temático o nombre geográfico como elemento de entrada |
Estudios ambientales |
| 9 (RLIN) |
53014 |
| 650 26 - ASIENTO SECUNDARIO DE MATERIA - TERMINO TEMATICO |
| Término temático o nombre geográfico como elemento de entrada |
Caracterización de ecosistemas |
| 9 (RLIN) |
4570 |
| 650 26 - ASIENTO SECUNDARIO DE MATERIA - TERMINO TEMATICO |
| Término temático o nombre geográfico como elemento de entrada |
Inventarios |
| 9 (RLIN) |
92201 |
| 650 24 - ASIENTO SECUNDARIO DE MATERIA - TERMINO TEMATICO |
| Término temático o nombre geográfico como elemento de entrada |
Inundación |
| 9 (RLIN) |
61783 |
| 650 24 - ASIENTO SECUNDARIO DE MATERIA - TERMINO TEMATICO |
| Término temático o nombre geográfico como elemento de entrada |
Manejo costero |
| 9 (RLIN) |
61784 |
| 650 24 - ASIENTO SECUNDARIO DE MATERIA - TERMINO TEMATICO |
| Término temático o nombre geográfico como elemento de entrada |
Adaptación |
| 9 (RLIN) |
61785 |
| 650 24 - ASIENTO SECUNDARIO DE MATERIA - TERMINO TEMATICO |
| Término temático o nombre geográfico como elemento de entrada |
Vulnerabilidad |
| 9 (RLIN) |
61786 |
| 650 24 - ASIENTO SECUNDARIO DE MATERIA - TERMINO TEMATICO |
| Término temático o nombre geográfico como elemento de entrada |
Cambio climático |
| 9 (RLIN) |
61787 |
| 650 24 - ASIENTO SECUNDARIO DE MATERIA - TERMINO TEMATICO |
| Término temático o nombre geográfico como elemento de entrada |
Ascenso del nivel del mar |
| 9 (RLIN) |
61788 |
| 942 ## - ELEMENTOS ADICIONALES (KOHA) |
| Tipo de ítem |
Libro |
| Sistema de clasificación |
Dewey Decimal Classification |